Cartas de Clash Royale por Imagen - Estadísticas

Estadísticas generales
  • Esta prueba ha sido intentada 361 veces
  • La puntuación promedio es 84 de 118
Estadísticas de respuestas
Imagen Respuesta % Correcto
Bola de fuego
99%
Caballero
99%
Flechas
99%
Mini P.E.K.K.A
99%
Arqueras
98%
Duendes
98%
Esbirros
98%
Gigante
98%
Mosquetera
98%
Esqueletos
95%
Bárbaros
93%
Cañón
93%
Duendes con lanza
93%
Bombardero
92%
Valquiria
92%
Choza de duendes
90%
Mago
90%
Megaesbirro
90%
Murciélagos
90%
Barril de duendes
89%
Espíritu de fuego
89%
Espíritu eléctrico
89%
Lápida
89%
Montapuercos
89%
Bruja
88%
P.E.K.K.A
88%
Cohete
87%
Mortero
87%
Torre bombardera
86%
Torre infernal
86%
Bebé dragón
85%
Gigante noble
85%
Ariete de batalla
84%
Trío de mosqueteras
84%
Ejército de esqueletos
83%
Príncipe
83%
Descarga
82%
Mago de hielo
82%
Príncipe oscuro
82%
Bola de nieve
81%
Espíritu de hielo
80%
Hielo
80%
Gólem de hielo
79%
Guardias
78%
Choza de bárbaros
77%
Dragones esqueleto
77%
Jaula del forzudo
77%
Veneno
77%
El Tronco
76%
Ballesta
75%
Gólem
75%
Mago eléctrico
75%
Minero
75%
Pandilla de duendes
75%
Princesa
75%
Bárbaros de élite
74%
Curandera guerrera
74%
Dragón infernal
74%
Máquina voladora
74%
Megacaballero
74%
Terremoto
74%
Barril de bárbaro
73%
Cazador
73%
Chispitas
73%
Duende lanzadardos
73%
Esqueleto gigante
73%
Horno
73%
Puercos reales
73%
Rayo
73%
Torre Tesla
73%
Duende gigante
71%
Barril de esqueletos
69%
Horda de esbirros
69%
Cementerio
68%
Dragón eléctrico
68%
Lanzafuegos
68%
Globo bombástico
67%
Reclutas reales
65%
Fénix
64%
Bandida
63%
Berserker
62%
Fantasma real
62%
Gigante eléctrico
62%
Lanzarrocas
61%
Montacarneros
61%
Rompemuros
61%
Gólem de elixir
59%
Pillos
59%
Espejo
58%
Espíritu sanador
58%
Furia
58%
Sabueso de lava
57%
Clon
56%
Leñador
56%
Tornado
56%
Verdugo
55%
Arquero mágico
54%
Gigante rúnica
54%
Pescador
54%
Bruja nocturna
53%
Paquete real
52%
Recolector de elixir
52%
Cañón con ruedas
50%
Bruja madre
49%
Electrocutadores
49%
Rey esqueleto
44%
Vacío
43%
Reina arquera
41%
Gran minero
39%
Monje
39%
Caballero dorado
38%
Maldición duende
38%
Principito
38%
Arbusto sospechoso
36%
Excavadora de duendes
34%
Máquina duende
32%
Demoledor duende
29%
Duendenstein
22%
No se encontraron pruebas coincidentes
Distribución de puntuación
Porcentaje de gente con cada puntuación
Porcentaje por número respondido
Historial de tus puntuaciones
No has intentado esta prueba.